Grafové gramatiky pro implementaci vizuálních jazyků.
Prehľad výskumu v oblasti vizuálnych jazykov a atributových grafových gramatík na Universität Erlanden, Norimberk. Špecifikácia problému v počítačovej fáze návrhu systému. Atribútové grafové gramatiky (AGG) a programovateľné AGG. Technológia grafov. Systém využitia AGG a jeho riadiace štruktúry - PA...
Saved in:
| Main Author: | |
|---|---|
| Format: | Book Chapter |
| Language: | Czech |
| Subjects: | |
| Tags: |
No Tags, Be the first to tag this record!
|
MARC
| LEADER | 00000naa a2200000 4500 | ||
|---|---|---|---|
| 001 | r005166 | ||
| 005 | 20221125080417.2 | ||
| 041 | 0 | |a cze | |
| 044 | |a [CS] | ||
| 245 | 1 | 0 | |a Grafové gramatiky pro implementaci vizuálních jazyků. |c H. Góttler |
| 520 | |a Prehľad výskumu v oblasti vizuálnych jazykov a atributových grafových gramatík na Universität Erlanden, Norimberk. Špecifikácia problému v počítačovej fáze návrhu systému. Atribútové grafové gramatiky (AGG) a programovateľné AGG. Technológia grafov. Systém využitia AGG a jeho riadiace štruktúry - PAGG. | ||
| 610 | 2 | 0 | |a grafika počítačová |
| 610 | 2 | 0 | |a jazyky programovacie |
| 610 | 2 | 0 | |a Nemecko |
| 610 | 2 | 0 | |a AGG |
| 610 | 2 | 0 | |a jazykoveda |
| 100 | 1 | |a Góttler, H. | |